00836nam a22002057a 4500003000400000005001700004008004100021020001500062040000700077050002000084100002200104245008300126260004500209300002900254500002000283505023200303650003900535650003500574700002100609OSt20220316160014.0120706t xxu||||| |||| 00| 0 eng d a0536479712 cLC aQA76.76.O63.G77 aGrauer, Robert T. aGetting started with Microsoft Windows XP. /cRobert T..Grauer, Maryann Barber aUpper Saddle River, NJ:bPearson,c2004. axv, 72 p.:bill.;c24cm. aIncludes index. a???Contents: Understanding basic windows operations -- Working with the accessories -- Managing files -- Customizing windows -- Preparing for an emergency -- Connecting to other computers -- Appendix A: Upgrading to windows XP. aMicrosoft Windows (Computer file)  aOperating systems (Computers)  aBarber, Maryann